Loading...
| Social Science | 2 | 6 | 0 | 2 | 90 | 56 | 88.13 | 7 | 8 |
| History - European History | 2 | 3 | 0 | 1 | 60 | 59 | 79.60 | 4 | 5 |
| Fine Arts - Auditory Fine Arts | 1 | 4 | 1 | 0 | 50 | 53 | 109.40 | 4 | 5 |
| Philosophy | 0 | 4 | 0 | 1 | 40 | 108 | 117.50 | 0 | 4 |
| Mythology | 0 | 4 | 1 | 0 | 35 | 91 | 108.50 | 2 | 4 |
| Literature - British Literature | 1 | 2 | 0 | 0 | 35 | 23 | 64.67 | 2 | 3 |
| Fine Arts - Visual Fine Arts | 0 | 4 | 1 | 2 | 35 | 81 | 115.50 | 2 | 4 |
| Science - Physics | 0 | 4 | 1 | 1 | 35 | 73 | 110.00 | 0 | 4 |
| Fine Arts - Other Fine Arts | 1 | 2 | 1 | 0 | 30 | 67 | 104.67 | 1 | 2 |
| History - Other History | 0 | 3 | 0 | 1 | 30 | 92 | 115.33 | 0 | 3 |
| Literature - World Literature | 1 | 1 | 0 | 1 | 25 | 51 | 95.00 | 2 | 2 |
| Science - Other Science | 1 | 1 | 0 | 0 | 25 | 70 | 94.50 | 1 | 2 |
| Literature - European Literature | 0 | 3 | 2 | 0 | 20 | 78 | 107.33 | 1 | 3 |
| Literature - American Literature | 0 | 2 | 0 | 0 | 20 | 106 | 110.00 | 2 | 2 |
| Religion | 1 | 1 | 1 | 0 | 20 | 74 | 80.50 | 1 | 2 |
| History - American History | 0 | 2 | 0 | 1 | 20 | 93 | 114.00 | 1 | 2 |
| Science - Biology | 0 | 2 | 1 | 2 | 15 | 77 | 95.00 | 1 | 1 |
| Pop Culture | 1 | 0 | 0 | 0 | 15 | 45 | 45.00 | 1 | 1 |
| Religion- Edited | 0 | 1 | 0 | 0 | 10 | 99 | 99.00 | 0 | 1 |
| Geography | 0 | 1 | 1 | 0 | 5 | 98 | 98.00 | 0 | 1 |
| History - World History | 0 | 1 | 1 | 0 | 5 | 122 | 122.00 | 0 | 1 |
| Popular Culture | 0 | 0 | 0 | 0 | 0 | 0.00 | 0 | 0 | |
| Science - Chemistry | 0 | 0 | 1 | 0 | -5 | 0.00 | 0 | 0 |